000 00762pam a2200229 a 4500
001 1126640
005 20171214041126.0
008 941107s1995 nju b 001 0 eng
010 _a 94041975
020 _a069103642X (cloth : alk. paper)
040 _aDLC
_cDLC
_dDLC
041 _aeng
080 _a153.12
082 0 0 _a153.12
_220
100 1 _a18
101 _aSHP
245 1 0 _aRewriting the soul :
_cIan Hacking.
504 _aIncludes bibliographical references (p. 297-328) and index.
906 _a7
_bcbc
_corignew
_d1
_eocip
_f19
_gy-gencatlg
942 _2ddc
_cBK
999 _c38900
_d38900